header

Managing water demand (Record no. 215928)

MARC details
000 -LEADER
fixed length control field 01660nam a2200385Ia 4500
082 04 - DEWEY DECIMAL CLASSIFICATION NUMBER
Classification number 363.61
100 1# - MAIN ENTRY--AUTHOR NAME
Personal name Baroudy, Ellysar.
245 10 - TITLE STATEMENT
Title Managing water demand
260 ## - PUBLICATION, DISTRIBUTION, ETC. (IMPRINT)
Place of publication Ottawa, Ont. :
Name of publisher International Development Research Centre ;
Place of publication London [Eng.] :
Name of publisher IWA Pub.,
Year of publication 2005.
300 ## - PHYSICAL DESCRIPTION
Number of Pages xi, 62 p. :
Other physical details map.
500 ## - GENERAL NOTE
General note The book synthesizes the outputs and results from four Water Demand Management Forums.
650 #0 - SUBJECT ADDED ENTRY--TOPICAL TERM
Topical Term Water-supply
Topical Term Water-supply
Topical Term Water use
Topical Term Water use
Topical Term Water conservation
Topical Term Water conservation
700 1# - ADDED ENTRY--PERSONAL NAME
Personal name Lahlou, Abderrafii Abid.
Personal name Attia, Bayoumi.
856 40 - ELECTRONIC LOCATION AND ACCESS
Uniform Resource Identifier http://site.ebrary.com/lib/rucke/Doc?id=10120505

No items available.

© 2026 Rongo University
Contact us: librarian | system librarian | Rongo university